The types of international folktales : a classification and bibliography : based on the system of Antti Aarne and Stith Thompson
Αποθηκεύτηκε σε:
| Κύριος συγγραφέας: | |
|---|---|
| Άλλοι συγγραφείς: | |
| Μορφή: | Βιβλίο |
| Γλώσσα: | English |
| Δημοσίευση: |
Helsinki :
Suomalainen Tiedeakatemia, Academia Scientiarum Fennica,
2004
|
| Σειρά: | FF communications ;
; 286 |
| Θέματα: | |
| Ετικέτες: |
Προσθήκη ετικέτας
Δεν υπάρχουν, Καταχωρήστε ετικέτα πρώτοι!
|
MARC
| LEADER | 00000nam a2200000 i 4500 | ||
|---|---|---|---|
| 001 | 1/51401 | ||
| 008 | 070809s2004 eng d | ||
| 020 | |a 951-41-0964-3 | ||
| 035 | |l 10089709 | ||
| 040 | |a GR-MY-UA |b gre |e aacr | ||
| 041 | 0 | |a eng | |
| 082 | 0 | |a 398.20901 |2 (22) | |
| 100 | 1 | |a Uther, Hans-Jorg. | |
| 245 | 1 | 4 | |a The types of international folktales : |b a classification and bibliography : based on the system of Antti Aarne and Stith Thompson / |c Hans-Jorg Uther ; editorial staff Sabine Dinslage...[et al.] |
| 260 | |a Helsinki : |b Suomalainen Tiedeakatemia, Academia Scientiarum Fennica, |c 2004 | ||
| 300 | |a 3τ.; |c 23 εκ. | ||
| 490 | 1 | |a FF Communications |v ; 286 |x 0014-5815 | |
| 504 | |a Περιλαμβάνει βιβλιογραφίες και ευρετήριο | ||
| 505 | 0 | |a τ.3. Appendices | |
| 650 | 0 | 0 | |a Folklore. |
| 650 | 0 | 0 | |a Folklore |x Bibliography. |
| 650 | 0 | 0 | |a Folklore |x Classification. |
| 650 | 0 | 0 | |a Tales |x Bibliography. |
| 700 | 1 | |a Dinslage, Sabine. |4 edt | |
| 830 | 0 | |a FF communications ; |v ; 286 |x 0014-5815 | |
| 852 | |a INST |b RHODES |e 20070809 |h 398.20901 UTH |p 005400025947 |q 005400025947 |t BK |y 0 | ||
| 901 | |a BIBL4-2007-2 | ||
| 909 | |a Ρ |b 135852 | ||
| 922 | |a 4ΕΛΗ |b 200706 |c ΕΠΕΑΕΚ2/ΠΤΔΕ |d ΕΛΕΥΘΕΡΟΥΔΑΚΗΣ | ||
| 970 | |a ΧΑΡΙΟΠΟΛΙΤΟΥ |b ΚΩΝΣΤΑΝΤΙΝΑ |z 2007/08/09 | ||